NCAA Basketball Player of the Year - Statistics

General Stats
  • This quiz has been taken 61 times
  • The average score is 11 of 23
Answer Stats
Answer % Correct
2007 Texas Kevin Durant
85%
2019 Duke Zion Williamson
79%
2012 Kentucky Anthony Davis
75%
2009 Oklahoma Blake Griffin
70%
2015 Wisconsin Frank Kaminsky
60%
2018 Villanova Jalen Brunson
60%
2002 Duke Jason Williams
60%
2020 Dayton Obi Toppin
60%
2021 Iowa Luka Garza
57%
2011 Brigham Young (BYU) Jimmer Fredette
51%
2016 Oklahoma Buddy Hield
47%
2014 Creighton Doug McDermott
47%
2022 Kentucky Oscar Tshiebwe
43%
2008 North Carolina Tyler Hansbrough
42%
2017 Kansas Frank Mason III
40%
2005 Utah Andrew Bogut
38%
2013 Michigan Trey Burke
36%
2006 Duke JJ Redick
32%
2000 Cincinnati Kenyon Martin
25%
2001 Duke Shane Battier
23%
2010 Ohio State Evan Turner
21%
2004 Saint Joseph's Jameer Nelson
13%
2003 Texas T.J. Ford
4%
No matching quizzes found
Score Distribution
Percent of People with Each Score
Percentile by Number Answered
Your Score History
You have not taken this quiz